000 00719nam a2200181Ia 4500
008 100920s9999 xx 000 0 und d
082 _b61412
_a--- थ 94
100 _aमंगेशकर गीता, बांदोडकर गौरी.
245 _aअंधारातून प्रकाशाकडे.
260 _bबांदोडकर पब्लिशिंग हाऊस, गोवा.
_c1994
300 _a469
_bसाधी
365 _b195
520 _aकादंबरी.
630 _aअंधारातून प्रकाशाकडे.
650 _aकादंबरी.
730 _aअंधारातून प्रकाशाकडे.
942 _cBOOK
999 _c704616
_d704613